| 000 | 00902nam a22002537a 4500 | ||
|---|---|---|---|
| 005 | 20240530110546.0 | ||
| 008 | 160530s2014 ua a g b 000 0 ara d | ||
| 017 |
_a2008/7546 _bمصر . دار الكتب المصرية |
||
| 020 | _a9771755714 | ||
| 040 | _aEG-CaGPL | ||
| 082 | 0 | 4 |
_221 _a371.334 _bن ت |
| 100 | 0 | _aنبيل جاد عزمى . | |
| 245 | 1 | 0 |
_aتكنولوجيا التعليم الالكترونى / _cنبيل جاد عزمى . |
| 250 | _aط.2 | ||
| 260 |
_aالقاهرة : _bدار الفكر العربى ، _c2014 . |
||
| 300 |
_a396 ص ؛ _c24 سم . |
||
| 650 | 0 | 4 | _aتكنولوجيا التعليم . |
| 650 | 0 | 4 | _aالتعليم الالكترونى . |
| 650 | 0 | 4 | _aالتعليم عن بعد . |
| 650 | 0 | 4 | _aالتعليم الشبكى . |
| 650 | 0 | 4 |
_aالتعليم . _zاندوسيا . |
| 942 |
_2ddc _cBK |
||
| 999 |
_c62364 _d62364 |
||